00690nam a2200229 a 450000100060000000300080000600500170001400800410003103500200007204000250009204100080011708200260012510000270015124500350017826000320021330000340024549000360027949000250031550400260034060000580036683000360042455923BD-RjUL20211209080331.0161123s1968 enkaf b 000 0beng  a(BD-RjUL) 56047 aLCbengcLCdBD-RjUL aeng00a822.914223bHAH 19681 aHayman, Ronald,d1932-10aHarold Pinter /cRonald Hayman aLondon :bHeinemann,c1968. aviii, 80 p. :bill, ;c19 cm.0 aContemporary playwrights series0 aAn H.E.B. paperback. aBibliography: p. vii.10aPinter, Harold,d1930-xCriticism and interpretation. aContemporary playwrights series